000 00283nam a2200109Ia 4500
008 190914s9999||||xx |||||||||||||| ||und||
100 _aGosling,James
245 4 _aThe Java Application Programming Interface
260 _aCanada
_bTata McGraw Hill
_c2000
300 _a266
942 _cBK
999 _c9695
_d9695